Τα βιώματα, οι αντιλήψεις και οι ερμηνείες του παιδιού για το τοπίο της πόλης : γεωγραφίες του παιδιού στη δευτεροβάθμια ελληνική εκπαίδευση : πτυχιακή εργασία

Αποθηκεύτηκε σε:
Λεπτομέρειες βιβλιογραφικής εγγραφής
Κύριος συγγραφέας: Παύλου, Χριστίνα
Συγγραφή απο Οργανισμό/Αρχή: Πανεπιστήμιο Αιγαίου. Σχολή Κοινωνικών Επιστημών. Τμήμα Γεωγραφίας
Άλλοι συγγραφείς: Τερκενλή, Θεανώ Σ. (Εισηγητής διατριβής)
Μορφή: Thesis Βιβλίο
Γλώσσα:Greek
Δημοσίευση: Μυτιλήνη : Πανεπιστήμιο Αιγαίου, Τμήμα Γεωγραφίας, 2004
Θέματα:
Ετικέτες: Προσθήκη ετικέτας
Δεν υπάρχουν, Καταχωρήστε ετικέτα πρώτοι!

MARC

LEADER 00000cam a2200000 i 4500
001 1/89889
008 051123s2004 gre d
035 |l 10081438 
040 |a GR-MY-UA  |b gre  |e aacr 
041 0 |a gre 
082 0 |a 305.23  |2 (22) 
100 1 |a Παύλου, Χριστίνα. 
245 1 3 |a Τα βιώματα, οι αντιλήψεις και οι ερμηνείες του παιδιού για το τοπίο της πόλης :  |b γεωγραφίες του παιδιού στη δευτεροβάθμια ελληνική εκπαίδευση : πτυχιακή εργασία /  |c Παύλου Χριστίνα ; υπέυθυνη καθηγήτρια Τερκενλή Θ. 
260 |a Μυτιλήνη :   |b Πανεπιστήμιο Αιγαίου, Τμήμα Γεωγραφίας,   |c 2004 
300 |a 161 σ.;  |b διαγρ.;  |c 30 εκ. 
502 # # |a Πτυχιακή εργασία – Πανεπιστήμιο Αιγαίου, Λέσβος, 2004. 
504 |a Βιβλιογραφία: σ. 156-162 
650 0 0 |a City and town life. 
650 0 0 |a Geographical perception in children. 
650 0 0 |a Perception in children. 
650 0 0 |a Space perception in children. 
650 0 0 |a Children  |x Attitudes. 
650 0 0 |a Dissertations, Academic  |z Greece. 
700 1 |4 ths  |a Τερκενλή, Θεανώ Σ. 
710 2 |a Πανεπιστήμιο Αιγαίου.   |b Σχολή Κοινωνικών Επιστημών.   |b Τμήμα Γεωγραφίας. 
852 |a INST  |b LESVOS  |c DIATR  |e 20051123  |h 239  |p 005100033109  |q 005100033109  |t DIE  |y 23 
852 |a INST  |b LESVOS  |c DIATR  |e 20051123  |h 240  |p 005100033110  |q 005100033110  |t DIE  |y 23 
901 |a BIBL1-2005-3 
909 |a Λ  |b 111816 
909 |a Λ  |b 112040 
924 |a ΠΑΥΛΟΥ  |b ΧΡΙΣΤΙΝΑ  |y ΛΕΣΒΟΣ  |z 2004-10 
970 |a ΜΑΡΙΝΑΤΟΥ  |b ΜΥΡΣΙΝΗ  |z 2005/11/23